|
|
|
|
| LEADER |
01097nam a2200289 a 4500 |
| 001 |
452 |
| 003 |
BD-DhAAL |
| 005 |
20150316122251.0 |
| 008 |
150316s1993 nyuaf b 001 0 eng |
| 010 |
|
|
|a 92034228
|
| 020 |
|
|
|a 007016987X
|
| 020 |
|
|
|a 0071125930
|
| 040 |
|
|
|a LC
|b eng
|c LC
|d VGX
|d BD-DhAAL
|
| 050 |
0 |
0 |
|a TS155
|b .D545 1993
|
| 082 |
0 |
0 |
|a 658.5
|2 20
|
| 100 |
1 |
|
|a Dilworth, James B.,
|d 1939-
|9 9769
|
| 245 |
1 |
0 |
|a Production and operations management :
|b manufacturing and services /
|c James B. Dilworth.
|
| 250 |
|
|
|a 5th ed.
|
| 260 |
|
|
|a New York :
|b McGraw-Hill,
|c c1993.
|
| 300 |
|
|
|a xxviii, 742 p., [12] p. of plates :
|b ill. (some col.) ;
|c 27 cm.
|
| 490 |
|
|
|a McGraw-Hill series in management
|
| 504 |
|
|
|a Includes bibliographical references and index.
|
| 541 |
|
|
|e 452
|
| 650 |
|
0 |
|a Production management.
|9 9348
|
| 942 |
|
|
|2 ddc
|c BK
|
| 999 |
|
|
|c 34075
|d 34075
|
| 952 |
|
|
|0 0
|1 0
|2 ddc
|4 0
|6 658_500000000000000_DIL
|7 0
|9 53167
|a SCL
|b SCL
|c GEN
|d 2015-03-16
|g 1322.00
|l 2
|o 658.5 DIL
|p 3020000452
|r 2017-01-02
|s 2016-12-15
|t 1
|w 2015-03-16
|y BK
|x 'The mentioned price is BDT conversion, actual price was US17'
|